Rules for occupation of the guest house at Burnihat (Record no. 425306)

000 -LEADER
fixed length control field 00280cam a22000977a 4500
008 - FIXED-LENGTH DATA ELEMENTS--GENERAL INFORMATION
fixed length control field 180718b1959 xxu||||| |||| 00| 0 eng d
082 ## - DEWEY DECIMAL CLASSIFICATION NUMBER
Classification number X21103x5411 As72r
245 ## - TITLE STATEMENT
Title Rules for occupation of the guest house at Burnihat
260 ## - PUBLICATION, DISTRIBUTION, ETC.
Place of publication, distribution, etc. Shillong
Name of publisher, distributor, etc. Government Press
Date of publication, distribution, etc. 1959
300 ## - PHYSICAL DESCRIPTION
Extent 5p.
Holdings
Withdrawn status Lost status Damaged status Not for loan Permanent Location Current Location Date acquired Full call number Barcode Date last seen Price effective from Koha item type
        Indian Institute of Public Administration Indian Institute of Public Administration 2009-10-07 X21103x5411 As72r 26849 2018-07-21 2018-07-21 Book

Powered by Koha